Kapitán Dabač slovenský film 40.-50. rokov

Podrobná bibliografia
Hlavný autor: Novák, Milan, 1927-2021 (Skladateľ)
Ďalší autori: Bielik, Paľo, 1910-1983 (Režisér, Scenárista), Remeň, Maximilián, 1927-2008 (Strihač), Krška, Karol, 1920-1989 (Video kameraman), Chudík, Ladislav, 1924-2015 (Herec), Romančík, Elo, 1922-2012 (Herec), Augustovičová, Hilda, 1934-2022 (Herec), Filčík, Ctibor, 1920-1986 (Herec), Gruberová, Zdena, 1933-2017 (Herec)
Médium: Video DVD
Jazyk:slovenčina
Fyzický popis:1 videodisk (DVD) (99 min.) čb., zvuk. 12 cm 1 voľ. príl. (14 s.)
Vydavateľské údaje: Bratislava Slovenský filmový ústav Petit Press 2011
Edícia:Slovenský film 40.-50. rokov
Predmet:

MARC

LEADER 00000ngm a2200000 a 4500
001 vtls010322935
003 SK-MaSNL
005 20260301213707.0
007 vd bvaizm
008 251029p2011 xo 099 e vlslo
015 |a SNBJ2012 
028 4 2 |a SFU 0056 9 831  |b Slovenský filmový ústav 
040 |a SNK  |b slo  |c SNK  |e AACR2 
041 0 |a slo  |b eng 
044 |a xo  |c SK 
072 7 |a 791  |x Film. Cirkus. Ľudová zábava  |2 konspekt 
080 |a 791.221/.228  |2 2001 
080 |a 791.222  |2 2001 
080 |a (0.034.44)  |2 2001 
080 |a 791.221.5  |2 2001 
080 |a (437.6)  |2 2001 
245 0 0 |a Kapitán Dabač  |h videozáznam  |b slovenský film 40.-50. rokov  |c [réžia a scenár: Paľo Bielik] 
246 3 1 |a Captain Dabač 
260 |a Bratislava  |b Slovenský filmový ústav  |b Petit Press  |c 2011 
300 |a 1 videodisk (DVD) (99 min.)  |b čb., zvuk.  |c 12 cm  |e 1 voľ. príl. (14 s.) 
490 1 |a Slovenský film 40.-50. rokov  |v 1 
500 |a DVD obsahuje drámu z r. 1959, filmový týždenník 28/1959, bonusy: o filme, ohlasy z tlače, profily tvorcov, fotogaléria 
500 |a DVD Edícia Slovenského filmového ústavu a denníka SME 
508 |a Kamera: Karol Krška ; hudba: Milan Novák ; strih: Maximilián Remeň 
511 0 |a Účinkujú: Ladislav Chudík (kapitán Dabač), Elo Romančík (Pavol Garaj), Hilda Augustovičová (Naďa Dabačová), Ctibor Filčík (Gustáv Slanec), Zdena Gruberová (Naďa Rybanská) 
521 8 |a Pre mládež do 12 rokov nevhodné 
538 |a DVD video; formát 1:1,33; obraz PAL 4:3; zvuk DD 2.0 mono 
546 |a Titulky a menu v slov., angl. 
650 0 7 |a hrané filmy  |2 SNKPH  |9 68885 
650 0 7 |a vojnové filmy  |2 SNKPH  |9 51534 
650 0 7 |a filmové drámy  |2 SNKPH  |9 320128 
650 0 7 |a Feature films  |2 SNKPHeng  |9 325882 
650 0 7 |a Drama films  |2 SNKPHeng  |9 325883 
650 0 7 |a War films  |2 SNKPHeng  |9 511056 
655 7 |a DVD  |2 SNKPH  |9 70751 
700 1 |a Bielik, Paľo,  |d 1910-1983  |4 drt  |4 sce  |9 38369 
700 1 |a Remeň, Maximilián,  |d 1927-2008  |4 flm  |9 325886 
700 1 |a Krška, Karol,  |d 1920-1989  |4 vdg  |9 242216 
700 1 |a Novák, Milan,  |d 1927-2021  |4 cmp  |9 224033 
700 1 |a Chudík, Ladislav,  |d 1924-2015  |4 act  |9 101396 
700 1 |a Romančík, Elo,  |d 1922-2012  |4 act  |9 15957 
700 1 |a Augustovičová, Hilda,  |d 1934-2022  |4 act  |9 117869 
700 1 |a Filčík, Ctibor,  |d 1920-1986  |4 act  |9 118866 
700 1 |a Gruberová, Zdena,  |d 1933-2017  |4 act  |9 113869 
830 0 |a Slovenský film 40.-50. rokov  |9 413741 
999 |c 922437  |d 924367 
952 |a SNK  |b SNK  |y PREZ  |7 0  |p 17A0746827  |o snkSDVD 1357  |i snk2011/22362  |8 0  |0 0  |1 0  |4 0  |d 2011-11-09  |l 0  |r 2026-02-24 08:20:32  |w 2026-02-24 
952 |a SNK  |b SNK  |y PREZ  |7 0  |p 17A0746826  |o snkSDVD 1357/príl.  |i snk2011/22362  |8 0  |3 Príloha  |z Príloha  |0 0  |1 0  |4 0  |d 2011-11-09  |l 0  |r 2026-02-24 08:20:32  |w 2026-02-24